[Event "FICS rated blitz game"]
[Site "FICS freechess.org"]
[Date "2018.01.10"]
[Round "?"]
[White "NicolausSilver"]
[Black "Lostbishop"]
[Result "0-1"]
[WhiteElo "1345"]
[BlackElo "1372"]
[PlyCount "44"]
[EventDate "2018.??.??"]
[EventType "blitz"]

1. e4 e5 2. Nf3 Nc6 3. c3 Nf6 4. Ng5 h6 5. Nxf7 Kxf7 6. Bc4+ Kg6 7. b4 Kh7 8.
O-O Qe7 9. d4 d6 10. d5 Nb8 11. b5 Nbd7 12. Ba3 b6 13. Nd2 a6 14. f4 axb5 15.
fxe5 Nxe5 16. Bxb5 Rxa3 17. Qc2 Ra8 18. Nf3 Nxf3+ 19. Rxf3 Qe5 20. Bd3 Be7 21.
Raf1 Ng4 22. h3 Qh2# {White checkmated} 0-1

[Event "FICS rated blitz game"]
[Site "FICS freechess.org"]
[Date "2018.01.10"]
[Round "?"]
[White "Nahka"]
[Black "frunze"]
[Result "1-0"]
[WhiteElo "1834"]
[BlackElo "1850"]
[PlyCount "20"]
[EventDate "2018.??.??"]
[EventType "blitz"]

1. e4 e5 2. Nf3 Nc6 3. c3 d5 4. Qa4 dxe4 5. Nxe5 Qd5 6. Nxc6 bxc6 7. Bc4 Qd6 8.
O-O Be7 9. d3 exd3 10. Bf4 Qc5 {Black resigns} 1-0

[Event "FICS rated blitz game"]
[Site "FICS freechess.org"]
[Date "2018.01.10"]
[Round "?"]
[White "montanya"]
[Black "outofthebox"]
[Result "1-0"]
[WhiteElo "1484"]
[BlackElo "1302"]
[PlyCount "61"]
[EventDate "2018.??.??"]
[EventType "blitz"]

1. e4 e5 2. Nf3 Nc6 3. c3 Bc5 4. Bb5 d6 5. Bxc6+ bxc6 6. O-O Nf6 7. d3 Bg4 8.
Be3 Bxe3 9. fxe3 Qd7 10. Nbd2 h5 11. Qe1 O-O-O 12. Qh4 Rdg8 13. Ng5 Nh7 14.
Nxh7 Rxh7 15. Rf2 g5 16. Qg3 h4 17. Rxf7 Rxf7 18. Qe1 h3 19. g3 Rgf8 20. Qc1 d5
21. Qc2 Rf2 22. Rf1 Qf7 23. Qc1 dxe4 24. dxe4 Rg2+ 25. Kh1 Rf2 26. Kg1 Bf3 27.
Rxf2 Kd7 28. Rxf3 Qxf3 29. Nxf3 Rxf3 30. Qd2+ Ke6 31. Qe2 {Black resigns} 1-0

[Event "FICS rated blitz game"]
[Site "FICS freechess.org"]
[Date "2018.01.10"]
[Round "?"]
[White "srks"]
[Black "Rahulchessid"]
[Result "1-0"]
[WhiteElo "1115"]
[BlackElo "1109"]
[PlyCount "89"]
[EventDate "2018.??.??"]
[EventType "blitz"]

1. e4 e5 2. Nf3 Nc6 3. c3 Nf6 4. Be2 Nxe4 5. O-O d5 6. d4 Nf6 7. Nxe5 Nxe5 8.
dxe5 Ne4 9. Bf3 Be6 10. Bxe4 dxe4 11. Qxd8+ Rxd8 12. Be3 b6 13. Nd2 Bc5 14.
Bxc5 bxc5 15. Nxe4 O-O 16. Nxc5 Bc4 17. Rfe1 Bd5 18. b3 Bc6 19. c4 Rfe8 20. e6
fxe6 21. Rxe6 Rxe6 22. Nxe6 Rd7 23. Nc5 Re7 24. Kf1 Re5 25. Na6 Rg5 26. f3 Rh5
27. Kg1 Rf5 28. Kf2 Kf7 29. Nb4 Bb7 30. Rd1 Rc5 31. Rd2 Kg6 32. g3 Rf5 33. f4
Rh5 34. h4 Rc5 35. Rd7 Kh6 36. Nd3 Rc6 37. Ne5 Rc5 38. Rd4 Ra5 39. a4 c5 40.
Rd6+ g6 41. f5 Be4 42. fxg6 hxg6 43. g4 Bc2 44. Rd7 a6 45. Rb7 {Black resigns}
1-0

[Event "FICS rated blitz game"]
[Site "FICS freechess.org"]
[Date "2018.01.10"]
[Round "?"]
[White "bakonyi"]
[Black "BugBug"]
[Result "0-1"]
[WhiteElo "1974"]
[BlackElo "1905"]
[PlyCount "118"]
[EventDate "2018.??.??"]
[EventType "blitz"]

1. e4 e5 2. Nf3 Nc6 3. c3 d6 4. d4 exd4 5. cxd4 Be7 6. Nc3 Nf6 7. h3 O-O 8. Bb5
a6 9. Bxc6 bxc6 10. O-O Bd7 11. e5 Nd5 12. Ne4 Bf5 13. Ng3 Bg6 14. b3 Qd7 15.
Ba3 Kh8 16. Rc1 a5 17. Re1 a4 18. bxa4 dxe5 19. Nxe5 Qd8 20. Nxc6 Bxa3 21. Nxd8
Bxc1 22. Nxf7+ Bxf7 23. Qxc1 Rxa4 24. Nf5 h6 25. Re5 Rxa2 26. Nxh6 Nf6 27. Nf5
Rfa8 28. Qg5 Ra1+ 29. Kh2 Rg8 30. Ne7 Rf8 31. Nf5 Rg8 32. Re7 Nh7 33. Qh4 Bd5
34. Ne3 c6 35. Rd7 Ra5 36. Rd8 Rb5 37. Rxg8+ Bxg8 38. Qd8 Rb2 39. f3 Nf6 40.
Nf5 Rb7 41. Qc8 Rf7 42. Qxc6 Nh7 43. Qe4 Nf6 44. Qe3 Bh7 45. Qg5 Bxf5 46. Qxf5
Kg8 47. Qg5 g6 48. Qc5 Kg7 49. Qc4 Nh5 50. d5 Nf4 51. Qd4+ Kh7 52. Qe4 Nxd5 53.
Qxd5 Rg7 54. Qe6 Kh6 55. Qf6 Kh7 56. Qf8 Kh6 57. Qf7 Kg5 58. Qxg7 Kf5 59. Qf7+
Ke5 0-1

[Event "FICS rated blitz game"]
[Site "FICS freechess.org"]
[Date "2018.01.10"]
[Round "?"]
[White "skinnybenny"]
[Black "Kravchenko"]
[Result "0-1"]
[WhiteElo "1307"]
[BlackElo "1378"]
[PlyCount "86"]
[EventDate "2018.??.??"]
[EventType "blitz"]

1. e4 e5 2. Nf3 Nc6 3. c3 Bc5 4. d4 exd4 5. cxd4 Bb6 6. b3 d6 7. Bb2 Nge7 8.
Bc4 O-O 9. Ng5 Ng6 10. Bxf7+ Rxf7 11. Nxf7 Kxf7 12. O-O Qf6 13. Nc3 Bd7 14. Nd5
Qd8 15. Qf3+ Kg8 16. Nxb6 axb6 17. d5 Nce5 18. Qc3 c6 19. f4 Qe7 20. fxe5 dxe5
21. Rf2 cxd5 22. exd5 Bb5 23. a4 Ba6 24. Ba3 Qd7 25. b4 b5 26. a5 Qxd5 27. Raf1
Qe6 28. Qc7 Rc8 29. Qb6 Nf4 30. Bb2 Qxb6 31. axb6 Nd3 32. Rd2 Nxb2 33. Rxb2 Rc6
34. Rbf2 h6 35. Rf8+ Kh7 36. R1f7 Rxb6 37. Rc7 Rg6 38. h4 Rg4 39. h5 Rg5 40.
Rff7 e4 41. Kh2 e3 42. Kh3 Rxh5+ 43. Kg4 Rg5+ 0-1

[Event "FICS rated blitz game"]
[Site "FICS freechess.org"]
[Date "2018.01.10"]
[Round "?"]
[White "trajamohan"]
[Black "ZHANGFAN"]
[Result "1-0"]
[WhiteElo "1422"]
[BlackElo "1466"]
[PlyCount "33"]
[EventDate "2018.??.??"]
[EventType "blitz"]

1. e4 e5 2. Nf3 Nc6 3. c3 Nf6 4. Bc4 Bc5 5. d4 exd4 6. e5 Nxe5 7. Nxe5 d5 8.
Bb5+ Kf8 9. cxd4 Bg4 10. Nxg4 Nxg4 11. Qxg4 Be7 12. O-O Bg5 13. Bxg5 Qe8 14.
Bxe8 Rxe8 15. Nc3 Re1 16. Rfxe1 Kg8 17. Qc8# {Black checkmated} 1-0

[Event "FICS rated standard game"]
[Site "FICS freechess.org"]
[Date "2018.01.10"]
[Round "?"]
[White "Alop"]
[Black "hejkal"]
[Result "1-0"]
[WhiteElo "1859"]
[BlackElo "1853"]
[PlyCount "161"]
[EventDate "2018.??.??"]

1. e4 e5 2. Nf3 Nc6 3. c3 Nf6 4. d3 d5 5. Bg5 dxe4 6. Bxf6 gxf6 7. dxe4 Qxd1+
8. Kxd1 Bc5 9. Ke2 Bg4 10. Nbd2 O-O-O 11. h3 Be6 12. b4 Bb6 13. a4 Rhg8 14. a5
Bd4 15. cxd4 Nxd4+ 16. Nxd4 Rxd4 17. b5 h5 18. Ke1 f5 19. f3 h4 20. Rc1 fxe4
21. fxe4 Rb4 22. b6 axb6 23. axb6 Rxb6 24. Nf3 Rb4 25. Nd2 Ra4 26. Kf2 Rd8 27.
Rc2 Rad4 28. Ke3 f5 29. Bc4 Bxc4 30. Nxc4 Rxe4+ 31. Kf2 Rf4+ 32. Ke2 Rdd4 33.
Rhc1 Rxc4 34. Rxc4 Rxc4 35. Rd1 Rd4 36. Ra1 Rb4 37. Ra5 Rb2+ 38. Kf1 b5 39.
Ra8+ Kd7 40. Rh8 c5 41. Rxh4 Ke6 42. Rh6+ Kd5 43. Rf6 Ke4 44. h4 c4 45. h5 c3
46. Rc6 b4 47. h6 Ke3 48. Kg1 Kd3 49. h7 Rb1+ 50. Kh2 Rf1 51. h8=Q e4 52. Qd8+
Kc2 53. Qd4 Rb1 54. Rf6 Kb3 55. Rxf5 c2 56. Qe3+ Kb2 57. Rc5 c1=R 58. Rxc1 Rxc1
59. Qxe4 b3 60. Qd4+ Kb1 61. g4 b2 62. Qb4 Kc2 63. Qa4+ Kc3 64. Qa3+ Kc2 65.
Qa4+ Kc3 66. Qa5+ Kc2 67. Qc5+ Kb1 68. Qb4 Kc2 69. Qc4+ Kd1 70. Qb3+ Rc2+ 71.
Kh3 Kc1 72. Qa3 Rc7 73. g5 Rh7+ 74. Kg4 Kc2 75. Qa4+ Kc3 76. Qc6+ Kb3 77. Qg6
b1=Q 78. Qxb1+ Ka4 79. Qxh7 Ka3 80. g6 Kb2 81. g7 {Black resigns} 1-0

[Event "FICS rated standard game"]
[Site "FICS freechess.org"]
[Date "2018.01.10"]
[Round "?"]
[White "guarionex"]
[Black "FSUSeminole"]
[Result "0-1"]
[WhiteElo "1840"]
[BlackElo "1896"]
[PlyCount "42"]
[EventDate "2018.??.??"]

1. e4 e5 2. Nf3 Nc6 3. c3 Nf6 4. Qc2 Bc5 5. Be2 d5 6. exd5 Qxd5 7. O-O e4 8.
Ne1 Bf5 9. b4 e3 10. Qb3 exf2+ 11. Kh1 Qxb3 12. axb3 fxe1=Q 13. Rxe1 Be7 14. b5
Ne5 15. d4 Nd3 16. Bxd3 Bxd3 17. Re3 Bxb5 18. Ba3 Ng8 19. c4 Bd7 20. Nc3 Kd8
21. Rae1 Bxa3 {White resigns} 0-1

[Event "FICS rated standard game"]
[Site "FICS freechess.org"]
[Date "2018.01.10"]
[Round "?"]
[White "piaanist"]
[Black "Cantabrico"]
[Result "1-0"]
[WhiteElo "1425"]
[BlackElo "1412"]
[PlyCount "55"]
[EventDate "2018.??.??"]

1. e4 e5 2. Nf3 Nc6 3. c3 Nf6 4. Bd3 Bc5 5. O-O O-O 6. Bc2 Re8 7. b4 Bb6 8. Bb2
a6 9. Re1 d6 10. d4 exd4 11. Nxd4 Nxd4 12. cxd4 c5 13. bxc5 dxc5 14. d5 Qd6 15.
Qf3 Bg4 16. Qg3 Qxg3 17. hxg3 Bc8 18. Bxf6 gxf6 19. g4 Ba5 20. Re2 Bxg4 21. f3
Bd7 22. g4 Bb5 23. Rh2 Be2 24. Rxe2 Re5 25. Nd2 f5 26. gxf5 Rae8 27. Nc4 Rxf5
28. Nxa5 {Black resigns} 1-0

[Event "FICS rated blitz game"]
[Site "FICS freechess.org"]
[Date "2018.01.10"]
[Round "?"]
[White "morts"]
[Black "tuffnut"]
[Result "1-0"]
[WhiteElo "1204"]
[BlackElo "1124"]
[PlyCount "125"]
[EventDate "2018.??.??"]
[EventType "blitz"]

1. e4 e5 2. Nf3 Nc6 3. c3 a6 4. g3 Nf6 5. d3 d6 6. Bg2 Bg4 7. O-O Be7 8. Nbd2
O-O 9. Qb3 b6 10. Qa4 Bd7 11. Qb3 Be6 12. c4 b5 13. Ng5 bxc4 14. dxc4 Bd7 15.
h4 h6 16. Ngf3 Qb8 17. Qc2 Qa7 18. a3 Nd4 19. Nxd4 Qxd4 20. Nf3 Qa7 21. b4 c6
22. c5 dxc5 23. Nxe5 cxb4 24. Nxd7 Qxd7 25. axb4 Bxb4 26. e5 Nd5 27. Ba3 Bxa3
28. Rxa3 Rfe8 29. Rd3 Rxe5 30. Qb2 Re7 31. Qb3 Rd8 32. Rfd1 Qe6 33. Bxd5 cxd5
34. Qa3 Red7 35. Qa5 Kh7 36. Qa1 f6 37. Qc1 Rd6 38. Qc2 Kh8 39. Re3 Qd7 40. Qg6
a5 41. Rdd3 a4 42. Qh5 f5 43. Qf3 g6 44. Qf4 Kh7 45. Kg2 Qc6 46. Qe5 R6d7 47.
Kh3 Rf8 48. f4 Rfd8 49. h5 Rg7 50. hxg6+ Qxg6 51. Rxd5 Rxd5 52. Qxd5 Qg4+ 53.
Kg2 h5 54. Kh2 h4 55. Qg2 Qh5 56. Qh3 Rxg3 57. Rxg3 Qe2+ 58. Rg2 Qh5 59. Rg5
Qe2+ 60. Rg2 Qh5 61. Rg3 Qe2+ 62. Rg2 Qh5 63. Ra2 {Black resigns} 1-0

[Event "FICS rated blitz game"]
[Site "FICS freechess.org"]
[Date "2018.01.10"]
[Round "?"]
[White "Feestt"]
[Black "AkeZ"]
[Result "0-1"]
[WhiteElo "1169"]
[BlackElo "1115"]
[PlyCount "94"]
[EventDate "2018.??.??"]
[EventType "blitz"]

1. e4 e5 2. Nf3 Nc6 3. c3 Bc5 4. d4 exd4 5. cxd4 Bb6 6. Bc4 h6 7. a3 Nf6 8. Nc3
O-O 9. O-O Re8 10. h3 Nxe4 11. Nxe4 Rxe4 12. Be3 d6 13. Re1 Re7 14. Qd3 Bd7 15.
b4 a6 16. Bb3 Qc8 17. Bc2 f5 18. Nh4 Rf7 19. Bf4 Ne7 20. Bb3 d5 21. Nf3 Bb5 22.
Qc2 Ng6 23. Bxd5 Nxf4 24. Bxf7+ Kxf7 25. Ne5+ Kg8 26. Qb3+ Kh7 27. Qf3 Ne2+ 28.
Kh1 Bxd4 29. Rad1 Bxe5 30. Rxe2 Bxe2 31. Qxe2 Qe6 32. g4 f4 33. Qe4+ Kh8 34. f3
c6 35. Re1 Re8 36. a4 Qb3 37. a5 Qc3 38. Re2 Qa1+ 39. Re1 Qa2 40. Re2 Qa1+ 41.
Re1 Qa4 42. Qg6 Re7 43. Qf5 Qxb4 44. Qc8+ Kh7 45. Qf5+ g6 46. Qb1 Qc3 47. h4
Qxf3+ {White resigns} 0-1

[Event "FICS rated blitz game"]
[Site "FICS freechess.org"]
[Date "2018.01.10"]
[Round "?"]
[White "hoken"]
[Black "DiegoGette"]
[Result "0-1"]
[WhiteElo "1372"]
[BlackElo "1320"]
[PlyCount "64"]
[EventDate "2018.??.??"]
[EventType "blitz"]

1. e4 e5 2. Nf3 Nc6 3. c3 Bc5 4. d4 exd4 5. cxd4 Bb4+ 6. Nc3 Bxc3+ 7. bxc3 Nf6
8. Bd3 O-O 9. Bg5 Ne7 10. Bxf6 gxf6 11. Qd2 d5 12. e5 fxe5 13. Nxe5 Ng6 14. f4
Nxe5 15. dxe5 Qh4+ 16. g3 Qh3 17. O-O-O Bg4 18. Rde1 Qh6 19. Be2 Bxe2 20. Qxe2
Qa6 21. Kb1 Qb6+ 22. Ka1 a5 23. Rb1 Qc5 24. Rhc1 a4 25. Qg4+ Kh8 26. Qf5 a3 27.
Qf6+ Kg8 28. Rb3 Ra6 29. Qg5+ Kh8 30. f5 Rb6 31. Rxb6 Qxb6 32. Qe3 Qb2# {
White checkmated} 0-1

[Event "FICS rated blitz game"]
[Site "FICS freechess.org"]
[Date "2018.01.10"]
[Round "?"]
[White "franguly"]
[Black "Guillochess"]
[Result "0-1"]
[WhiteElo "1368"]
[BlackElo "1318"]
[PlyCount "36"]
[EventDate "2018.??.??"]
[EventType "blitz"]

1. e4 e5 2. Nf3 Nc6 3. c3 Bc5 4. d4 exd4 5. cxd4 Bb6 6. d5 Nce7 7. Bd3 d6 8.
O-O Bg4 9. b3 Nf6 10. Bb2 Qd7 11. Nc3 O-O-O 12. Bb5 c6 13. dxc6 Nxc6 14. h3 h5
15. hxg4 hxg4 16. Nh2 Qe6 17. Rc1 Qe5 18. g3 Qxg3+ {White resigns} 0-1

[Event "FICS rated blitz game"]
[Site "FICS freechess.org"]
[Date "2018.01.10"]
[Round "?"]
[White "bakonyi"]
[Black "nofics"]
[Result "0-1"]
[WhiteElo "1946"]
[BlackElo "1866"]
[PlyCount "110"]
[EventDate "2018.??.??"]
[EventType "blitz"]

1. e4 e5 2. Nf3 Nc6 3. c3 Nf6 4. d4 exd4 5. cxd4 d5 6. e5 Ne4 7. Nc3 Bb4 8. Bd2
Bxc3 9. bxc3 O-O 10. h3 f6 11. exf6 Qxf6 12. Bd3 Bf5 13. Bxe4 dxe4 14. Nh2 Bxh3
15. Qe2 Bxg2 16. Rg1 Bf3 17. Qe3 Na5 18. Qg5 Nc4 19. Qxf6 Rxf6 20. Rb1 b6 21.
Nf1 Raf8 22. Ne3 Nd6 23. Nd5 R6f7 24. Be3 c6 25. Nb4 Rc8 26. Rg5 h6 27. Re5 Nc4
28. Re6 c5 29. Nd5 cxd4 30. Bxd4 Na3 31. Rb3 Nc2+ 32. Kd2 Nxd4 33. cxd4 h5 34.
Ne7+ Rxe7 35. Rxe7 h4 36. Rxf3 exf3 37. Re4 g5 38. Rg4 Rc7 39. Rxg5+ Rg7 40.
Rh5 Rh7 41. Rg5+ Kf7 42. Ke3 h3 43. Rg1 h2 44. Rh1 Ke6 45. Kxf3 Kd5 46. Kg2
Kxd4 47. Rxh2 Rg7+ 48. Kf1 Kc3 49. Rh3+ Kb2 50. a4 a5 51. Rd3 Rg6 52. Re3 Rg4
53. Re6 Rb4 54. Ke2 Ka3 55. Ke3 Kxa4 0-1

[Event "FICS rated blitz game"]
[Site "FICS freechess.org"]
[Date "2018.01.10"]
[Round "?"]
[White "JoaoC"]
[Black "vedanth"]
[Result "1-0"]
[WhiteElo "1537"]
[BlackElo "1237"]
[PlyCount "38"]
[EventDate "2018.??.??"]
[EventType "blitz"]

1. e4 e5 2. Nf3 Nc6 3. c3 Nf6 4. d3 h6 5. Be2 d5 6. Nbd2 Be7 7. Qb3 dxe4 8.
Nxe4 O-O 9. O-O Rb8 10. Be3 Be6 11. Qc2 b6 12. b4 a6 13. a4 Nxe4 14. dxe4 f6
15. Bxa6 f5 16. Bb5 fxe4 17. Qxe4 Na7 18. Qxe5 Bf7 19. Rfd1 Qc8 {Black resigns}
1-0

[Event "FICS rated blitz game"]
[Site "FICS freechess.org"]
[Date "2018.01.10"]
[Round "?"]
[White "jezebelben"]
[Black "Isolf"]
[Result "1-0"]
[WhiteElo "1441"]
[BlackElo "1240"]
[PlyCount "73"]
[EventDate "2018.??.??"]
[EventType "blitz"]

1. e4 e5 2. Nf3 Nc6 3. c3 Bc5 4. d4 exd4 5. cxd4 Bb4+ 6. Bd2 Qe7 7. d5 Qxe4+ 8.
Be2 Qxd5 9. O-O Bxd2 10. Nbxd2 Nge7 11. Bc4 Qh5 12. Ne4 d5 13. Ng3 Qg4 14. Bxd5
O-O 15. Bb3 Be6 16. h3 Qb4 17. Ng5 Bxb3 18. axb3 Rad8 19. Qc2 g6 20. N5e4 Nd4
21. Qxc7 Nec6 22. Qf4 Nxb3 23. Nf6+ Kg7 24. Qxb4 Nxb4 25. Rxa7 Kxf6 26. Rxb7
Rb8 27. Ne4+ Kg7 28. Rxb8 Rxb8 29. f4 Rd8 30. f5 Nd2 31. Nxd2 Rxd2 32. f6+ Kf8
33. Rc1 Rc2 34. Rd1 Nc6 35. b4 Re2 36. b5 Ne5 37. Rd8# {Black checkmated} 1-0

[Event "FICS rated blitz game"]
[Site "FICS freechess.org"]
[Date "2018.01.10"]
[Round "?"]
[White "HotCarl"]
[Black "SparcU"]
[Result "0-1"]
[WhiteElo "1439"]
[BlackElo "1520"]
[PlyCount "92"]
[EventDate "2018.??.??"]
[EventType "blitz"]

1. e4 e5 2. Nf3 Nc6 3. c3 Nf6 4. Bd3 d6 5. Bc2 Be7 6. O-O O-O 7. Re1 Re8 8. d4
h6 9. b3 Bf8 10. Bb2 exd4 11. cxd4 Nb4 12. a3 Nxc2 13. Qxc2 Nh5 14. Nbd2 Bd7
15. Nf1 Rc8 16. Qc3 Bc6 17. d5 Bd7 18. h3 Nf4 19. Ng3 c6 20. Qe3 Ng6 21. Nh5
cxd5 22. Qd4 dxe4 23. Rxe4 Rxe4 24. Qxe4 Bc6 25. Qd4 Bxf3 26. Nxg7 Bc6 27. Nf5
Ne5 28. f4 Qf6 29. fxe5 Qxf5 30. exd6 f6 31. Rf1 Qg6 32. Rf4 Bg7 33. Rg4 Qf5
34. Qxf6 Qxg4 35. hxg4 Bxf6 36. Bxf6 Kf7 37. Bd4 b6 38. b4 Bd7 39. Kh2 Bxg4 40.
Kg3 Bd7 41. Kh4 Rc4 42. g4 Rxd4 43. Kh5 Rxg4 44. Kxh6 Kf6 45. Kh7 Be6 46. d7
Rh4# {White checkmated} 0-1

[Event "FICS rated standard game"]
[Site "FICS freechess.org"]
[Date "2018.01.10"]
[Round "?"]
[White "Hilariobarrio"]
[Black "superlala"]
[Result "0-1"]
[WhiteElo "1218"]
[BlackElo "1274"]
[PlyCount "48"]
[EventDate "2018.??.??"]

1. e4 e5 2. Nf3 Nc6 3. c3 d5 4. d3 g6 5. Bg5 Nge7 6. b4 a6 7. a4 b5 8. Na3 Rb8
9. c4 dxc4 10. dxc4 Nxb4 11. cxb5 axb5 12. axb5 Bb7 13. Nxe5 Bxe4 14. Bc4 Bd5
15. Rc1 Bxc4 16. Naxc4 Rxb5 17. Qf3 Nd3+ 18. Nxd3 Rf5 19. Qe3 Bg7 20. Bxe7 Qxe7
21. O-O c6 22. Rfe1 Qxe3 23. Rxe3+ Kf8 24. Nd6 Bh6 0-1

[Event "FICS rated blitz game"]
[Site "FICS freechess.org"]
[Date "2018.01.10"]
[Round "?"]
[White "teamdzone"]
[Black "RealHuman"]
[Result "0-1"]
[WhiteElo "1438"]
[BlackElo "1517"]
[PlyCount "114"]
[EventDate "2018.??.??"]
[EventType "blitz"]

1. e4 e5 2. Nf3 Nc6 3. c3 Nf6 4. Be2 Nxe4 5. d3 Nf6 6. Be3 d5 7. Bg5 Be7 8.
Nbd2 O-O 9. a3 Qd6 10. O-O h6 11. Bh4 Bf5 12. Bg3 Qe6 13. Re1 Rad8 14. Nh4 Bh7
15. h3 Bd6 16. Bg4 Nxg4 17. hxg4 Rfe8 18. c4 dxc4 19. Nxc4 b5 20. Nxd6 cxd6 21.
Qf3 Nd4 22. Qd1 Rc8 23. Nf3 Nc2 24. d4 Nxa1 25. Qxa1 e4 26. Nd2 d5 27. f3 Qf6
28. fxe4 Qxd4+ 29. Bf2 Qxd2 30. exd5 Rxe1+ 31. Bxe1 Qxd5 32. b4 Rd8 33. Qb2
Qd4+ 34. Qxd4 Rxd4 35. Bc3 Rd3 36. Be5 Rxa3 37. Bd6 a5 38. bxa5 Rxa5 39. Kf2
Ra4 40. Ke3 Rxg4 41. g3 b4 42. Kd2 b3 43. Kc3 Bc2 44. Bf4 h5 45. Be5 h4 46.
gxh4 Rxh4 47. Kd2 Rb4 48. Bb2 Rb5 49. Kc3 g5 50. Kc4 Rb7 51. Be5 b2 52. Bxb2
Rxb2 53. Kc3 Ra2 54. Kb4 Ra8 55. Kc3 Rd8 56. Kxc2 f5 57. Kc3 f4 0-1

[Event "FICS rated blitz game"]
[Site "FICS freechess.org"]
[Date "2018.01.10"]
[Round "?"]
[White "ILVEROPAOLONE"]
[Black "VitalStevie"]
[Result "0-1"]
[WhiteElo "1736"]
[BlackElo "1764"]
[PlyCount "22"]
[EventDate "2018.??.??"]
[EventType "blitz"]

1. e4 e5 2. Nf3 Nc6 3. c3 Nf6 4. d4 Nxe4 5. dxe5 d5 6. exd6 Bxd6 7. Bd3 Nc5 8.
O-O Nxd3 9. Qxd3 O-O 10. Bg5 Be7 11. Qe4 Bxg5 {White resigns} 0-1

[Event "FICS rated blitz game"]
[Site "FICS freechess.org"]
[Date "2018.01.10"]
[Round "?"]
[White "hejkal"]
[Black "inherentbeauty"]
[Result "0-1"]
[WhiteElo "1399"]
[BlackElo "1399"]
[PlyCount "106"]
[EventDate "2018.??.??"]
[EventType "blitz"]

1. e4 e5 2. Nf3 Nc6 3. c3 d6 4. d4 exd4 5. Bd3 dxc3 6. Nxc3 Bg4 7. Qb3 Bxf3 8.
gxf3 Nd4 9. Qa4+ Nc6 10. Qb5 Rb8 11. Bf4 Nge7 12. O-O g6 13. Rfd1 Bg7 14. Rdc1
O-O 15. Qg5 Nd4 16. Qg4 f5 17. Qg3 Nec6 18. Rd1 fxe4 19. fxe4 Be5 20. Bc4+ Kg7
21. Nd5 Bxf4 22. Nxf4 Qe7 23. f3 Qe5 24. Bd5 Qxf4 25. Qxf4 Rxf4 26. Kh1 Rxf3
27. e5 dxe5 28. Bxf3 Nxf3 29. Rd7+ Kh6 30. Rxc7 Ncd4 31. Re7 a6 32. Rd7 b5 33.
Re7 Rc8 34. Kg2 Rc2+ 35. Kg3 Rxh2 36. Rxe5 Nxe5 37. Kxh2 Nef3+ 38. Kh3 Kg5 39.
Rf1 h5 40. b4 Kf4 41. Rc1 g5 42. Rc8 g4+ 43. Kg2 Nf5 44. Rc6 h4 45. Rxa6 h3+
46. Kf1 Kg3 47. Rb6 N5d4 48. Rh6 h2 49. Rh8 Nh4 50. Rxh4 Kxh4 51. Kg2 g3 52. a3
Kg4 53. a4 bxa4 {White resigns} 0-1

[Event "FICS rated blitz game"]
[Site "FICS freechess.org"]
[Date "2018.01.10"]
[Round "?"]
[White "sasfro"]
[Black "akaung"]
[Result "1-0"]
[WhiteElo "1224"]
[BlackElo "1321"]
[PlyCount "98"]
[EventDate "2018.??.??"]
[EventType "blitz"]

1. e4 e5 2. Nf3 Nc6 3. c3 a6 4. d4 exd4 5. cxd4 Bb4+ 6. Nc3 d6 7. a3 Ba5 8. d5
Ne5 9. Nxe5 dxe5 10. Be2 Nf6 11. O-O O-O 12. Bg5 h6 13. Bh4 Qd6 14. Rc1 Bxc3
15. Rxc3 Nxe4 16. Rc4 Nc5 17. b4 Nd7 18. Bf3 b5 19. Rc6 Qxc6 20. dxc6 Nb6 21.
Be4 Be6 22. Bb1 f5 23. Qc2 Nc4 24. Bg3 Nxa3 25. Qb2 Nc4 26. Qc3 f4 27. Bh4 g5
28. Bxg5 hxg5 29. Re1 Rad8 30. Bd3 Rd5 31. Bxc4 bxc4 32. Qxc4 Rfd8 33. g3 Kf7
34. Qxa6 Rd1 35. Qe2 R1d5 36. Qh5+ Kf6 37. Qh6+ Kf5 38. Qh7+ Kf6 39. h3 fxg3
40. fxg3 Rd1 41. Qh6+ Kf5 42. g4+ Kf4 43. Qf6+ Kg3 44. Qxe5+ Kxh3 45. Qxe6 R8d6
46. Qb3+ Kxg4 47. Rxd1 Rxc6 48. Rd4+ Kh5 49. Qf7+ Rg6 {Black resigns} 1-0

[Event "FICS rated blitz game"]
[Site "FICS freechess.org"]
[Date "2018.01.10"]
[Round "?"]
[White "mougly"]
[Black "schachmuster"]
[Result "1-0"]
[WhiteElo "1398"]
[BlackElo "1221"]
[PlyCount "53"]
[EventDate "2018.??.??"]
[EventType "blitz"]

1. e4 e5 2. Nf3 Nc6 3. c3 Nf6 4. d3 Bc5 5. Be2 h6 6. O-O O-O 7. a4 d6 8. b4
Bxb4 9. cxb4 Nxb4 10. Ba3 a5 11. Bxb4 axb4 12. Nbd2 c5 13. Nb3 Be6 14. Qc2 Rc8
15. Rfc1 c4 16. dxc4 d5 17. exd5 Bxd5 18. Qd2 Be6 19. Qxd8 Rfxd8 20. Nxe5 Ne4
21. Nf3 Nc3 22. Bf1 Bxc4 23. Bxc4 Rxc4 24. Rc2 Re4 25. Kf1 Rde8 26. Nc5 R4e7
27. Nd3 1-0

[Event "FICS rated blitz game"]
[Site "FICS freechess.org"]
[Date "2018.01.10"]
[Round "?"]
[White "bobbydaffy"]
[Black "Tordan"]
[Result "0-1"]
[WhiteElo "1348"]
[BlackElo "1196"]
[PlyCount "46"]
[EventDate "2018.??.??"]
[EventType "blitz"]

1. e4 e5 2. Nf3 Nc6 3. c3 Nf6 4. d4 Nxe4 5. d5 Ne7 6. Nxe5 d6 7. Bb5+ c6 8.
dxc6 bxc6 9. Nxc6 Nxc6 10. Bxc6+ Bd7 11. Bxe4 Rb8 12. O-O Be7 13. f4 O-O 14.
Rf3 Bg4 15. Bxh7+ Kh8 16. Bf5 Bxf3 17. Qxf3 g6 18. Qh3+ Kg7 19. Bc2 Rh8 20. Qg3
d5 21. f5 Bd6 22. Qg4 Bxh2+ 23. Kf1 Qf6 0-1

[Event "FICS rated blitz game"]
[Site "FICS freechess.org"]
[Date "2018.01.10"]
[Round "?"]
[White "Invited"]
[Black "Durotrub"]
[Result "0-1"]
[WhiteElo "1811"]
[BlackElo "1749"]
[PlyCount "74"]
[EventDate "2018.??.??"]
[EventType "blitz"]

1. e4 e5 2. Nf3 Nc6 3. c3 d6 4. d3 Be7 5. d4 exd4 6. cxd4 Nf6 7. Nc3 Bg4 8. Be3
O-O 9. a3 a6 10. h3 Bh5 11. Bd3 b5 12. b4 Qd7 13. Rc1 h6 14. Bb1 Bg6 15. Qd2
Nd8 16. g4 Ne8 17. Bxh6 gxh6 18. Qxh6 Nf6 19. Ng5 Ne6 20. f4 Nxd4 21. f5 Bh7
22. Nd5 Nf3+ 23. Kf2 Nxg5 24. Qxg5+ Kh8 25. Rxc7 Nxe4+ 26. Bxe4 Qxc7 27. Qxe7
Qxe7 28. Nxe7 Rfe8 29. f6 Bxe4 30. Re1 d5 31. Kg3 Rxe7 32. fxe7 Re8 33. Rf1
Rxe7 34. Rf6 d4 35. Rxa6 Rd7 36. Kf4 d3 37. Kxe4 d2 {White resigns} 0-1

[Event "FICS rated blitz game"]
[Site "FICS freechess.org"]
[Date "2018.01.10"]
[Round "?"]
[White "jbuky"]
[Black "tigrotto"]
[Result "1-0"]
[WhiteElo "1413"]
[BlackElo "1558"]
[PlyCount "59"]
[EventDate "2018.??.??"]
[EventType "blitz"]

1. e4 e5 2. Nf3 Nc6 3. c3 Nf6 4. d4 exd4 5. e5 Ne4 6. cxd4 d5 7. Bd3 Bb4+ 8.
Bd2 Nxd2 9. Nbxd2 O-O 10. O-O Bg4 11. Qc2 g6 12. a3 Be7 13. h3 Be6 14. b4 a6
15. Nb3 Re8 16. Nc5 Bc8 17. Rac1 Bf8 18. Rfe1 b6 19. Nb3 Bd7 20. Qe2 Bg7 21.
Bxa6 f6 22. Qd3 Bf5 23. Qc3 Nb8 24. Bb5 Rxa3 25. Bxe8 Qxe8 26. Qb2 Qa4 27. Rxc7
Qxb3 28. Qxb3 Rxb3 29. exf6 Bxf6 30. Re8# {Black checkmated} 1-0

[Event "FICS rated blitz game"]
[Site "FICS freechess.org"]
[Date "2018.01.10"]
[Round "?"]
[White "Fik"]
[Black "MrHustler"]
[Result "1/2-1/2"]
[WhiteElo "2055"]
[BlackElo "1945"]
[PlyCount "106"]
[EventDate "2018.??.??"]
[EventType "blitz"]

1. e4 e5 2. Nf3 Nc6 3. c3 Nf6 4. d4 exd4 5. cxd4 Be7 6. d5 Nb8 7. e5 Ng8 8. Nc3
d6 9. Bf4 dxe5 10. Bxe5 Nf6 11. h3 O-O 12. Be2 Nbd7 13. Bh2 Nb6 14. Rc1 Nfxd5
15. Nxd5 Qxd5 16. Qxd5 Nxd5 17. Bxc7 Bb4+ 18. Kf1 Nxc7 19. Rxc7 Be6 20. Rxb7
Rab8 21. Rxb8 Rxb8 22. b3 Rc8 23. g3 Rc2 24. Bc4 Bxc4+ 25. bxc4 Bc5 26. Rh2
Rxa2 27. Ne5 Rc2 28. Rg2 a5 29. f4 Rxg2 30. Kxg2 a4 31. Nd3 Bd4 32. Kf3 a3 33.
Nb4 Bc5 34. Na2 Kf8 35. Ke4 Ke7 36. Kd5 Bf2 37. g4 Kd7 38. c5 Be3 39. f5 Kc7
40. Kc4 g6 41. fxg6 fxg6 42. Kb4 Kc6 43. Kxa3 Kxc5 44. Kb3 Kd4 45. Kc2 Ke4 46.
Nc3+ Kf3 47. Kd3 Ba7 48. Ne4 Bb6 49. Ng5+ Kg3 50. Nxh7 Kxh3 51. g5 Kg4 52. Nf8
Bd8 53. Nxg6 Bxg5 1/2-1/2